| 000 | 01005nam a2200289 i 4500 | ||
|---|---|---|---|
| 003 | EG-GICUC | ||
| 005 | 20260428105613.0 | ||
| 008 | 260428s1890 gw |||fr|||| 00| 0 d | ||
| 040 |
_aEG-GiCUC _bger _cEG-GiCUC _dEG-GiCUC _erda |
||
| 041 | _ager | ||
| 082 | 0 | 4 |
_221 _a343.5 _bAC |
| 092 | 0 | 4 | _221 |
| 099 | _aLaw1 10 343.5 AC 1890 | ||
| 245 | 1 | 0 |
_aActes du Congrès pénitentiaire International de Saint-Pétersbourg, 1890 _nVolume III , _pRapports SUR LES QUESTIONS DU PROGRAMME DE LA SECTION PÉNITENTIAIRE. |
| 264 | 1 |
_aSaint-Pétersbourg : _bBureau de la Commission d'organisation du Congrès, _c1890. |
|
| 300 |
_av, 789 pages ; _c24 cm |
||
| 336 |
_2rda content _atext |
||
| 337 |
_2rda media _aComputer |
||
| 338 |
_2rda carrier _aOnline Resource |
||
| 500 | _aInclude Index. | ||
| 546 | _a Text in German | ||
| 650 | 1 | 4 |
_aInternational criminal law _2qrmak |
| 651 | 1 | _2qrmak | |
| 856 | 4 | 0 | _uhttps://fll.law.cu.edu.eg/fulltext/bks/B10-11375.pdf |
| 905 | _a161 | ||
| 942 |
_2ddc _cBK _e21 _n0 |
||
| 999 |
_c73816 _d73816 |
||